000 00401nam a2200169Ia 4500
005 20250603145838.0
008 250603s9999 xx 000 0 und d
020 _a987 1 85534997 1
050 _aPR 2754 .B3/
245 4 _aThe complete works of William Shakespeare
260 _aGlasgow
260 _bGedde S & Grasset
260 _c2010
300 _a751 p
650 _aGlasgow
942 _cBK
999 _c43030
_d43030